Every Bone in the Human Body on a Drawing - Statistics

General Stats
  • This quiz has been taken 302 times
    246 since last reset
  • The average score is 20 of 58
Answers on the Map
Answers color-coded by a green-red scale on the quiz's map according to % correct below.
 
Answer Stats
Location Answer % Correct
Leg femur
95%
Chest ribs
95%
Leg tibia
88%
Shoulder girdle clavicle
80%
Pelvic girdle pelvis
79%
Arm ulna
77%
Leg fibula
76%
Facial skeleton mandible
73%
Leg patella
73%
Arm radius
73%
Shoulder girdle scapula
72%
Chest sternum
70%
Arm humerus
67%
Vertebral column coccyx
66%
Foot metatarsals
65%
Hand metacarpals
57%
Auditory ossicles malleus
46%
Auditory ossicles incus
40%
Neurocranium frontal bone
36%
Vertebral column sacrum
36%
Neurocranium occipital bone
35%
Facial skeleton maxilla
32%
Auditory ossicles stapes
31%
Neurocranium temporal bone
29%
Vertebral column lumbar vertebrae
28%
Vertebral column cervical vertebrae
25%
Facial skeleton nasal bone
25%
Vertebral column thoracic vertebrae
25%
Neurocranium parietal bone
24%
Facial skeleton zygomatic bone
24%
Tarsals calcaneus
18%
Hand distal phalanges
17%
Foot distal phalanges
17%
Wrist scaphoid bone
17%
Hand proximal phalanges
16%
Foot proximal phalanges
16%
Wrist hamate bone
15%
Wrist trapezoid bone
15%
Wrist lunate bone
14%
Neurocranium sphenoid bone
14%
Wrist trapezium bone
14%
Tarsals cuboid bone
13%
Wrist pisiform bone
13%
Tarsals talus
13%
Neurocranium ethmoid bone
12%
Facial skeleton hyoid bone
12%
Wrist capitate bone
10%
Facial skeleton lacrimal bone
10%
Facial skeleton vomer
10%
Hand intermediate phalanges
9%
Foot intermediate phalanges
9%
Tarsals navicular bone
9%
Facial skeleton palatine bone
9%
Facial skeleton inferior nasal concha
8%
Tarsals lateral cuneiform bone
8%
Tarsals medial cuneiform bone
8%
Wrist triquetrum bone
8%
Tarsals intermediate cuneiform bone
7%
No matching quizzes found
Score Distribution
Percent of People with Each Score
Percentile by Number Answered
Your Score History
You have not taken this quiz since the last reset